<?xml version="1.0" encoding="UTF-8"?>
<record
    xmlns:xsi="http://www.w3.org/2001/XMLSchema-instance"
    xsi:schemaLocation="http://www.loc.gov/MARC21/slim http://www.loc.gov/standards/marcxml/schema/MARC21slim.xsd"
    xmlns="http://www.loc.gov/MARC21/slim">

  <leader>01804nam a22002297a 4500</leader>
  <controlfield tag="005">20250604164752.0</controlfield>
  <controlfield tag="008">250415b        |||||||| |||| 00| 0 eng d</controlfield>
  <datafield tag="020" ind1=" " ind2=" ">
    <subfield code="a">9783330328952</subfield>
  </datafield>
  <datafield tag="040" ind1=" " ind2=" ">
    <subfield code="c">AL</subfield>
  </datafield>
  <datafield tag="041" ind1=" " ind2=" ">
    <subfield code="a">English</subfield>
  </datafield>
  <datafield tag="082" ind1=" " ind2=" ">
    <subfield code="2">23</subfield>
    <subfield code="a">220</subfield>
    <subfield code="b">STEK</subfield>
  </datafield>
  <datafield tag="100" ind1=" " ind2=" ">
    <subfield code="a">Thomas Stephens</subfield>
    <subfield code="9">212786</subfield>
  </datafield>
  <datafield tag="245" ind1=" " ind2=" ">
    <subfield code="a">Kristapurana: Part I and II</subfield>
  </datafield>
  <datafield tag="260" ind1=" " ind2=" ">
    <subfield code="a">Mauritius</subfield>
    <subfield code="b">LAP LAMBERT Academic Publishing</subfield>
    <subfield code="c">2017</subfield>
  </datafield>
  <datafield tag="300" ind1=" " ind2=" ">
    <subfield code="a">xeiv,583 p.</subfield>
    <subfield code="b">PB</subfield>
    <subfield code="c">22x15 cm.</subfield>
  </datafield>
  <datafield tag="365" ind1=" " ind2=" ">
    <subfield code="a">XWNY-1715496</subfield>
    <subfield code="b">&#x20B9;8672.00</subfield>
    <subfield code="c">&#x20B9;</subfield>
    <subfield code="d">&#x20B9;8672.00</subfield>
    <subfield code="f">20-03-2025</subfield>
  </datafield>
  <datafield tag="520" ind1=" " ind2=" ">
    <subfield code="a">In the year 1579, a Jesuit missionary, Fr. Thomas Stephens, S.J.(1549-1619), the first Englishman set foot on Indian soil. Enamoured by the rich Indian tradition and zest for spreading God&#x2019;s Word, and seeing an urgent need of Christian literature in Marathi language for the new-converts, Fr. Stephens went on to narrate the life of Jesus Christ, the Kristapur&#x101;&#x1E47;a, interpreting it in the Hindu-Vai&#x1E63;&#x1E47;avaite tradition, just as St. Paul interpreted the faith in Greco-Hebrew categories and St. Thomas Aquinas in Scholastic terminology. The Kristapur&#x101;&#x1E47;a, a Christian Biblical Epic, is a classical example of Hermeneutics for the world to see. It could be called an &#x2018;Indian Bible.&#x2019; The original text is in Sanskritized ancient Marathi, consisting of about 11,000 verses. The Sanskritized Marathi Poetry has been translated into English Prose and published in three volumes: 1)Volume I &#x2013; consists of Front Pages and Puran I; 2)Volume II &#x2013; consists of Puran II; 3)Volume III &#x2013; consists of Part of Puran II, 15 Appendices and Bibliography. In the translation the original text has been given side by side in Roman Script.</subfield>
  </datafield>
  <datafield tag="650" ind1=" " ind2=" ">
    <subfield code="a">Christianity</subfield>
    <subfield code="9">208304</subfield>
  </datafield>
  <datafield tag="650" ind1=" " ind2=" ">
    <subfield code="a">father Thomas Stephens</subfield>
    <subfield code="9">212787</subfield>
  </datafield>
  <datafield tag="700" ind1=" " ind2=" ">
    <subfield code="a">FALCAO (Nelson)</subfield>
    <subfield code="9">208305</subfield>
  </datafield>
  <datafield tag="942" ind1=" " ind2=" ">
    <subfield code="2">ddc</subfield>
    <subfield code="c">BK</subfield>
  </datafield>
  <datafield tag="999" ind1=" " ind2=" ">
    <subfield code="c">234155</subfield>
    <subfield code="d">234155</subfield>
  </datafield>
  <datafield tag="952" ind1=" " ind2=" ">
    <subfield code="0">0</subfield>
    <subfield code="1">0</subfield>
    <subfield code="2">ddc</subfield>
    <subfield code="4">0</subfield>
    <subfield code="7">0</subfield>
    <subfield code="8">HIS</subfield>
    <subfield code="a">AL</subfield>
    <subfield code="b">AL</subfield>
    <subfield code="d">2025-03-29</subfield>
    <subfield code="e">amazon.in</subfield>
    <subfield code="g">8672.00</subfield>
    <subfield code="l">0</subfield>
    <subfield code="o">220 FALK</subfield>
    <subfield code="p">077657</subfield>
    <subfield code="r">2025-04-15 10:22:18</subfield>
    <subfield code="v">8672.00</subfield>
    <subfield code="y">BK</subfield>
  </datafield>
</record>
